000 00701nam a2200217 a 4500
005 20140310183510.0
008 101011s19uu xx 00 eng d
020 _a9780787997335
050 _aLB 2342.92
_b.M478 2009
100 _aMcClellan, George S.
245 _aThe handbook of students affairs administration /
_cGeorge S. McClellan
250 _a3rd
260 _aUSA :
_bJohn Wiley & Sons,
_c2009.
300 _a671 p. :
_bill. ;
_c25 cm.
521 _aEDU
650 _aStudent affairs services-united States-Handbook, manuals.
650 _aStudent activities -United States-Management- Handbooks, manuals.
700 _aStringer, Jeremy
942 _cBK
_2lcc
_kFOR
999 _c24168
_d24168